[Event "NRW Class1 0910"]
[Site "Germany"]
[Date "2009.11.22"]
[Round "3.5"]
[White "Konings, Leon"]
[Black "Essing, Arnold"]
[Result "0-1"]
[WhiteElo "2247"]
[BlackElo "2250"]
[PlyCount "54"]
[EventDate "2009.09.20"]
[EventType "team-tourn"]
[EventRounds "9"]
[EventCountry "GER"]
[SourceTitle "EXT 2011"]
[Source "ChessBase"]
[SourceDate "2010.11.26"]
[SourceVersion "1"]
[SourceVersionDate "2010.11.26"]
[SourceQuality "1"]
[WhiteTeam "Porz SG II"]
[BlackTeam "Neuenkirchen"]
[WhiteTeamCountry "GER"]
[BlackTeamCountry "GER"]

1. d4 d5 2. c4 e6 3. Nc3 Nf6 4. cxd5 exd5 5. Bg5 Nbd7 6. e3 Be7 7. Bd3 c6 8. Nf3 0-0 9. Qc2 Re8 10. 0-0 Nf8 11. Rae1 Ne4 12. Bxe7 Qxe7 13. Bxe4 dxe4 14. Nd2 f5 15. f3 exf3 16. Nxf3 Ng6 17. e4 f4 18. Kh1 Bg4 19. d5 Bxf3 20. Rxf3 Rac8 21. Rd1 cxd5 22. exd5 Qb4 23. Qf2 Ne5 24. Rh3 Ng4 25. Qc2 h6 26. Rg1 Qd4 27. Rf3 Qxg1+ 0-1

[Event "NED-chT 0708"]
[Site "Netherlands"]
[Date "2008.05.17"]
[Round "9.5"]
[White "Vandevoort, Pascal"]
[Black "Konings, Leon"]
[Result "1-0"]
[WhiteElo "2364"]
[BlackElo "2294"]
[PlyCount "35"]
[EventDate "2007.09.15"]
[EventType "team-tourn"]
[EventRounds "9"]
[EventCountry "NED"]
[SourceTitle "EXT 2013"]
[Source "ChessBase"]
[SourceDate "2012.11.22"]
[SourceVersion "1"]
[SourceVersionDate "2012.11.22"]
[SourceQuality "1"]
[WhiteTeam "Rotterdam Schrijvers"]
[BlackTeam "Leiden LSG II"]
[WhiteTeamCountry "NED"]
[BlackTeamCountry "NED"]

1. e4 c6 2. Nc3 d5 3. d4 dxe4 4. Nxe4 Nf6 5. Nxf6+ gxf6 6. c3 Bf5 7. Nf3 e6 8. g3 Qd5 9. Bg2 Qc4 10. Qb3 Qa6 11. c4 Nd7 12. 0-0 Nb6 13. Nh4 Bg4 14. d5 cxd5 15. cxd5 e5 16. Re1 Qa5 17. Be3 Bb4 18. Bxb6 1-0

[Event "BL2-West 0708"]
[Site "Germany"]
[Date "2008.04.06"]
[Round "8.8"]
[White "Hahn, Werner"]
[Black "Konings, Leon"]
[Result "1/2-1/2"]
[WhiteElo "2156"]
[BlackElo "2294"]
[PlyCount "64"]
[EventDate "2007.10.21"]
[EventType "team-tourn"]
[EventRounds "9"]
[EventCountry "GER"]
[SourceTitle "EXT 2009"]
[Source "ChessBase"]
[SourceDate "2008.11.26"]
[SourceVersion "1"]
[SourceVersionDate "2008.11.26"]
[SourceQuality "1"]
[WhiteTeam "Griesheim"]
[BlackTeam "Koeln Porz"]
[WhiteTeamCountry "GER"]
[BlackTeamCountry "GER"]

1. d4 d5 2. c4 e6 3. Nf3 c5 4. cxd5 exd5 5. Nc3 Nc6 6. g3 Nf6 7. Bg2 Be7 8. 0-0 0-0 9. dxc5 d4 10. Na4 Bf5 11. Bg5 h6 12. Bxf6 Bxf6 13. Rc1 Re8 14. Qd2 Be4 15. b4 Qd5 16. Ne1 Bg5 17. f4 Bxg2 18. Nxg2 Bf6 19. Rfe1 Qh5 20. Nb2 Ne7 21. Nc4 Nf5 22. Qd3 Re7 23. Rc2 a6 24. a4 Rae8 25. b5 axb5 26. axb5 Ne3 27. Ngxe3 Rxe3 28. Nxe3 Rxe3 29. Qc4 Qh3 30. Rf1 Rxg3+ 31. hxg3 Qxg3+ 32. Kh1 Qh3+ 1/2-1/2

[Event "NED-chT 0708"]
[Site "Netherlands"]
[Date "2008.03.29"]
[Round "8.4"]
[White "Van den Doel, Erik"]
[Black "Konings, Leon"]
[Result "1-0"]
[WhiteElo "2587"]
[BlackElo "2294"]
[PlyCount "75"]
[EventDate "2007.09.15"]
[EventType "team-tourn"]
[EventRounds "9"]
[EventCountry "NED"]
[SourceTitle "EXT 2009"]
[Source "ChessBase"]
[SourceDate "2008.11.26"]
[SourceVersion "1"]
[SourceVersionDate "2008.11.26"]
[SourceQuality "1"]
[WhiteTeam "Calder HMC"]
[BlackTeam "Leiden LSG II"]
[WhiteTeamCountry "NED"]
[BlackTeamCountry "NED"]

1. e4 c6 2. d4 d5 3. Nc3 dxe4 4. Nxe4 Nf6 5. Nxf6+ gxf6 6. c3 Bf5 7. Nf3 e6 8. g3 Qd5 9. Bg2 Qc4 10. Bf1 Qd5 11. Qe2 Qe4 12. Be3 Qc2 13. Nh4 Qxe2+ 14. Bxe2 Be4 15. f3 Bg6 16. g4 Nd7 17. 0-0-0 Be7 18. c4 f5 19. Nxg6 hxg6 20. d5 c5 21. d6 Bh4 22. a3 0-0 23. Kc2 a5 24. h3 Rfe8 25. Rd3 b6 26. Rhd1 fxg4 27. hxg4 e5 28. Rh1 Bg3 29. Rd2 e4 30. f4 g5 31. Rd5 Bh4 32. Bf2 Kg7 33. Bxh4 gxh4 34. Rxh4 Rh8 35. Rxh8 Rxh8 36. Kd2 Rh3 37. g5 Rg3 38. Bd1 1-0

[Event "BL2-West 0708"]
[Site "Germany"]
[Date "2008.03.09"]
[Round "7.8"]
[White "Konings, Leon"]
[Black "Jens, Jelmer"]
[Result "0-1"]
[WhiteElo "2294"]
[BlackElo "2409"]
[PlyCount "116"]
[EventDate "2007.10.21"]
[EventType "team-tourn"]
[EventRounds "9"]
[EventCountry "GER"]
[SourceTitle "EXT 2009"]
[Source "ChessBase"]
[SourceDate "2008.11.26"]
[SourceVersion "1"]
[SourceVersionDate "2008.11.26"]
[SourceQuality "1"]
[WhiteTeam "Koeln Porz"]
[BlackTeam "Bochum SG"]
[WhiteTeamCountry "GER"]
[BlackTeamCountry "GER"]

1. d4 Nf6 2. c4 e6 3. Nc3 Bb4 4. e3 b6 5. Nge2 c5 6. a3 Ba5 7. Rb1 Na6 8. Bd2 0-0 9. Nf4 cxd4 10. exd4 Bxc3 11. Bxc3 d5 12. Qf3 Bb7 13. b4 Ne4 14. c5 e5 15. c6 Bxc6 16. dxe5 Nc7 17. Bd4 Bb5 18. Bd3 Re8 19. Rb2 f6 20. e6 Bxd3 21. Qxd3 Nxe6 22. Nxe6 Rxe6 23. 0-0 Nd6 24. f3 Nc4 25. Rc2 Rc8 26. a4 Qd7 27. b5 Rce8 28. Kf2 Qd6 29. g3 Qb4 30. Ra1 Re1 31. Rxe1 Qxe1+ 32. Kg2 Qe6 33. Bf2 Re7 34. h4 g6 35. Rc1 Qf5 36. Qxf5 gxf5 37. Rd1 Re2 38. Kf1 Rd2 39. Rxd2 Nxd2+ 40. Ke2 Nc4 41. Bd4 Kf7 42. Kd3 Ke6 43. Ke2 Na5 44. Bc3 Nb3 45. Ke3 Kf7 46. Bb4 Ke6 47. Bc3 Ke7 48. Bb4+ Kd7 49. Bc3 Ke6 50. g4 fxg4 51. fxg4 f5 52. g5 d4+ 53. Bxd4 f4+ 54. Ke4 Nxd4 55. Kxd4 Kf5 56. Kd3 Kg4 57. Ke4 f3 58. Ke3 Kg3 0-1

[Event "BL2-West 0708"]
[Site "Germany"]
[Date "2008.02.10"]
[Round "6.8"]
[White "Pirrot, Dieter"]
[Black "Konings, Leon"]
[Result "0-1"]
[WhiteElo "2417"]
[BlackElo "2294"]
[PlyCount "54"]
[EventDate "2007.10.21"]
[EventType "team-tourn"]
[EventRounds "9"]
[EventCountry "GER"]
[SourceTitle "EXT 2009"]
[Source "ChessBase"]
[SourceDate "2008.11.26"]
[SourceVersion "1"]
[SourceVersionDate "2008.11.26"]
[SourceQuality "1"]
[WhiteTeam "Hofheim"]
[BlackTeam "Koeln Porz"]
[WhiteTeamCountry "GER"]
[BlackTeamCountry "GER"]

1. e4 c6 2. d4 d5 3. f3 e6 4. Nc3 Bb4 5. a3 Bxc3+ 6. bxc3 dxe4 7. Qe2 Nf6 8. fxe4 e5 9. Nf3 Nbd7 10. Qe3 0-0 11. Bc4 Qe7 12. 0-0 exd4 13. cxd4 Qxe4 14. Qf2 Nb6 15. Bd3 Qd5 16. Ne5 Ne4 17. Qe3 Nd6 18. Qg3 Bf5 19. c4 Nbxc4 20. Nxc4 Bxd3 21. Nxd6 Bxf1 22. Bb2 Ba6 23. Qf4 Bd3 24. Rc1 Bg6 25. Rc5 Qb3 26. Bc1 Rad8 27. h4 b6 0-1

[Event "NED-chT 0708"]
[Site "Netherlands"]
[Date "2007.10.06"]
[Round "2.1"]
[White "Konings, Leon"]
[Black "Nijboer, Friso"]
[Result "0-1"]
[WhiteElo "2294"]
[BlackElo "2568"]
[PlyCount "68"]
[EventDate "2007.09.15"]
[EventType "team-tourn"]
[EventRounds "9"]
[EventCountry "NED"]
[SourceTitle "EXT 2008"]
[Source "ChessBase"]
[SourceDate "2007.11.25"]
[SourceVersion "1"]
[SourceVersionDate "2007.11.25"]
[SourceQuality "1"]
[WhiteTeam "Leiden LSG II"]
[BlackTeam "Hilversum HSG"]
[WhiteTeamCountry "NED"]
[BlackTeamCountry "NED"]

1. d4 Nf6 2. c4 g6 3. Nc3 Bg7 4. e4 d6 5. Be2 0-0 6. Nf3 e5 7. Be3 Ng4 8. Bg5 f6 9. Bh4 g5 10. Bg3 Nh6 11. dxe5 dxe5 12. Qd5+ Kh8 13. 0-0-0 Qe7 14. Qd2 Nc6 15. Kb1 Be6 16. Nd5 Qf7 17. Ka1 Rfd8 18. h3 Rd7 19. Qe3 Qf8 20. Qb3 Rb8 21. Rd2 Bg8 22. Qd1 Be6 23. h4 g4 24. Nh2 f5 25. exf5 Qxf5 26. Nf1 Nd4 27. Nfe3 Qh5 28. Bd3 Rbd8 29. Nc3 e4 30. Nxe4 Qa5 31. Bf4 Nc6 32. Bg5 Nb4 33. Bb1 Nxa2 34. Bxa2 Rxd2 0-1

[Event "BL2-West 0405"]
[Site "Germany"]
[Date "2004.11.14"]
[Round "2.8"]
[White "Pedersen, Daniel Vesterbaek"]
[Black "Konings, Leon"]
[Result "0-1"]
[WhiteElo "2358"]
[BlackElo "2327"]
[PlyCount "52"]
[EventDate "2004.10.13"]
[EventType "team-tourn"]
[EventRounds "9"]
[EventCountry "GER"]
[SourceTitle "EXT 2006"]
[Source "ChessBase"]
[SourceDate "2005.11.24"]
[SourceVersion "1"]
[SourceVersionDate "2005.11.24"]
[SourceQuality "1"]
[WhiteTeam "Emsdetten Turm"]
[BlackTeam "Koeln Porz II"]
[WhiteTeamCountry "GER"]
[BlackTeamCountry "GER"]

1. e4 c6 2. d4 d5 3. Nc3 dxe4 4. Nxe4 Nf6 5. Nxf6+ gxf6 6. g3 Qd5 7. Nf3 Bf5 8. Be3 Be4 9. Be2 Nd7 10. c4 Qa5+ 11. Bd2 Qb6 12. Bc3 e6 13. Qd2 a5 14. a3 h5 15. 0-0 Bh6 16. Qd1 a4 17. Nd2 Bg6 18. c5 Qc7 19. Nc4 h4 20. Qe1 hxg3 21. fxg3 Kf8 22. Ba5 Qb8 23. Qb4 Be4 24. Qxa4 Kg7 25. Qb4 Bg5 26. Rf2 Qxg3+ 0-1

[Event "BL2-West 0203"]
[Site "Germany"]
[Date "2003.01.26"]
[Round "5.8"]
[White "Konings, Leon"]
[Black "Rosen, Bernd"]
[Result "1/2-1/2"]
[WhiteElo "2313"]
[BlackElo "2280"]
[PlyCount "186"]
[EventDate "2002.10.20"]
[EventType "team-tourn"]
[EventRounds "9"]
[EventCountry "GER"]
[SourceTitle "EXT 2004"]
[Source "ChessBase"]
[SourceDate "2003.11.25"]
[SourceVersion "1"]
[SourceVersionDate "2003.11.25"]
[SourceQuality "1"]
[WhiteTeam "Koeln Porz II"]
[BlackTeam "Katernberg"]
[WhiteTeamCountry "GER"]
[BlackTeamCountry "GER"]

1. d4 Nf6 2. c4 c5 3. d5 e5 4. Nc3 d6 5. e4 Be7 6. h3 0-0 7. g4 Na6 8. Bd3 Nc7 9. Qf3 a6 10. Bd2 Bd7 11. Nge2 b5 12. Ng3 bxc4 13. Bxc4 Nfe8 14. a4 Bg5 15. Bxg5 Qxg5 16. Nf5 g6 17. h4 Qf6 18. Nh6+ Kg7 19. Qe3 Qf4 20. g5 Qxe3+ 21. fxe3 f5 22. b3 Nf6 23. Nxf5+ gxf5 24. gxf6+ Rxf6 25. Ra2 Raf8 26. Rg2+ Rg6 27. Rf2 Rgf6 28. Rg1+ Kf7 29. Be2 Ke7 30. Rfg2 f4 31. Rg7+ R8f7 32. Bh5 Rxg7 33. Rxg7+ Kd8 34. Rxh7 fxe3 35. Ke2 Rf4 36. Bf3 Ne8 37. Kxe3 Nf6 38. Rh8+ Kc7 39. Be2 Ng4+ 40. Kd2 Nf2 41. Bxa6 Nxe4+ 42. Nxe4 Rxe4 43. Bd3 Rg4 44. Rh7 Rg2+ 45. Kc3 Rg3 46. Kd2 Kd8 47. Rh8+ Kc7 48. a5 Rg2+ 49. Ke1 Ra2 50. h5 Bg4 51. h6 e4 52. Bxe4 Re2+ 53. Kf1 Rxe4 54. h7 Bh3+ 55. Kf2 Rh4 56. a6 Kb6 57. Rb8+ Kxa6 58. h8Q Rxh8 59. Rxh8 Bf5 60. Rd8 Bc2 61. Rxd6+ Kb7 62. Ke3 Bxb3 63. Kd3 c4+ 64. Kd4 Kc7 65. Rc6+ Kd7 66. Ke5 Ba2 67. Rc5 Bb3 68. d6 Ba2 69. Rc7+ Kd8 70. Kd4 Bb3 71. Kc3 Ba2 72. Kb4 Bb3 73. Ra7 Bd1 74. Kxc4 Bf3 75. Kd4 Bg2 76. Ke5 Bf3 77. Rh7 Bd1 78. d7 Kc7 79. Rg7 Ba4 80. Ke6 Bb5 81. d8Q+ Kxd8 82. Re7 Kc8 83. Kd6 Ba4 84. Rc7+ Kb8 85. Rc4 Bd1 86. Kd7 Kb7 87. Rb4+ Ka6 88. Kc6 Bf3+ 89. Kc5 Bg2 90. Rb1 Ka7 91. Rg1 Bf3 92. Rf1 Bg2 93. Rg1 Bf3 1/2-1/2

[Event "Lost Boys op"]
[Site "Amsterdam"]
[Date "2002.07.30"]
[Round "5"]
[White "Berkvens, Joost"]
[Black "Konings, Leon"]
[Result "1-0"]
[WhiteElo "2467"]
[BlackElo "2318"]
[PlyCount "73"]
[EventDate "2002.07.26"]
[EventType "swiss"]
[EventRounds "9"]
[EventCountry "NED"]
[SourceTitle "CBM 089 Extra"]
[Source "ChessBase"]
[SourceDate "2002.09.10"]
[SourceVersion "2"]
[SourceVersionDate "2002.09.10"]
[SourceQuality "1"]

1. d4 d5 2. c4 e6 3. Nf3 Be7 4. g3 Nf6 5. Bg2 0-0 6. 0-0 c5 7. cxd5 exd5 8. dxc5 Bxc5 9. Bg5 d4 10. Nbd2 Nc6 11. Rc1 Bb6 12. Ne4 Bf5 13. Bxf6 gxf6 14. Nh4 Be6 15. Qd2 f5 16. Ng5 Qf6 17. Nxe6 fxe6 18. Bxc6 bxc6 19. Rxc6 f4 20. Qd3 Rae8 21. Nf3 fxg3 22. hxg3 Qf5 23. Nd2 Qh3 24. Ne4 Rf5 25. Rfc1 Re7 26. Rd6 e5 27. Rc8+ Kg7 28. Qb3 Ref7 29. Rd7 d3 30. e3 Rxf2 31. Rxf7+ Rxf7 32. Qxf7+ Kxf7 33. Ng5+ Ke7 34. Nxh3 d2 35. Nf2 Bxe3 36. Kf1 Bxf2 37. Ke2 1-0

[Event "NED-chT 0102 playoff"]
[Site "Enschede"]
[Date "2002.05.10"]
[Round "2.6"]
[White "Konings, Leon"]
[Black "Henrichs, Thomas"]
[Result "1/2-1/2"]
[WhiteElo "2298"]
[BlackElo "2459"]
[PlyCount "96"]
[EventDate "2002.05.09"]
[EventType "team-k.o."]
[EventRounds "2"]
[EventCountry "NED"]
[SourceTitle "CBM 089"]
[Source "ChessBase"]
[SourceDate "2002.08.12"]
[SourceVersion "1"]
[SourceVersionDate "2002.08.12"]
[SourceQuality "1"]
[WhiteTeam "Leiden LSG"]
[BlackTeam "ING/ESGOO Enschede"]
[WhiteTeamCountry "NED"]
[BlackTeamCountry "NED"]

1. d4 d6 2. e4 g6 3. c3 Bg7 4. Bd3 Nf6 5. Nf3 0-0 6. Bg5 c5 7. Nbd2 cxd4 8. cxd4 h6 9. Bh4 Nh5 10. 0-0 g5 11. Bg3 g4 12. Nh4 Nxg3 13. hxg3 Bxd4 14. Nf5 Bxf5 15. exf5 h5 16. Kh2 Kg7 17. Qa4 Bf6 18. Bb5 a6 19. Ne4 Bxb2 20. Rab1 Be5 21. f4 Bf6 22. Nxf6 exf6 23. Rfd1 Rh8 24. Rd5 h4 25. Bf1 Qe7 26. gxh4 Qe3 27. g3 Nc6 28. Rb2 Ne7 29. Rd3 Qc1 30. Rf2 Nxf5 31. Qe4 Qc5 32. Qe2 Nh6 33. Qd2 Rae8 34. Bg2 Re7 35. Rxd6 Rhe8 36. Rd5 Qb6 37. a4 Re3 38. a5 Qb3 39. Qd4 R8e6 40. Rg5+ Kh7 41. f5 Rd3 42. Qf4 fxg5 43. Qxg5 Rf6 44. Qxf6 Rxg3 45. Qg5 Rd3 46. Be4 Rh3+ 47. Kg2 Rg3+ 48. Kh2 Rh3+ 1/2-1/2

[Event "NED-chT 0102 playoff"]
[Site "Enschede"]
[Date "2002.05.09"]
[Round "1.7"]
[White "Van den Doel, Erik"]
[Black "Konings, Leon"]
[Result "1-0"]
[WhiteElo "2583"]
[BlackElo "2298"]
[PlyCount "53"]
[EventDate "2002.05.09"]
[EventType "team-k.o."]
[EventRounds "2"]
[EventCountry "NED"]
[SourceTitle "CBM 089"]
[Source "ChessBase"]
[SourceDate "2002.08.12"]
[SourceVersion "1"]
[SourceVersionDate "2002.08.12"]
[SourceQuality "1"]
[WhiteTeam "Ordina Breda"]
[BlackTeam "Leiden LSG"]
[WhiteTeamCountry "NED"]
[BlackTeamCountry "NED"]

1. e4 c6 2. d4 d5 3. Nc3 dxe4 4. Nxe4 Nf6 5. Nxf6+ gxf6 6. c3 Bf5 7. Nf3 e6 8. g3 Qd5 9. Bg2 Qc4 10. Be3 Nd7 11. Bf1 Qd5 12. Qe2 c5 13. Bg2 cxd4 14. Bxd4 Qe4 15. Be3 Qd3 16. Nh4 Qxe2+ 17. Kxe2 Bg4+ 18. f3 Bh5 19. g4 Bg6 20. f4 a5 21. Bxb7 Rb8 22. Bc6 Rxb2+ 23. Kf3 Bd6 24. Rad1 Ke7 25. Bxd7 h5 26. g5 Bc2 27. Rd2 1-0

[Event "BL2-West 0102"]
[Site "Germany"]
[Date "2002.02.03"]
[Round "5.7"]
[White "Konings, Leon"]
[Black "Emunds, Hans Georg"]
[Result "1-0"]
[WhiteElo "2293"]
[BlackElo "2218"]
[PlyCount "125"]
[EventDate "2001.10.07"]
[EventType "team-tourn"]
[EventRounds "9"]
[EventCountry "GER"]
[SourceTitle "CBM 088 Extra"]
[Source "ChessBase"]
[SourceDate "2002.07.01"]
[SourceVersion "2"]
[SourceVersionDate "2002.07.01"]
[SourceQuality "1"]
[WhiteTeam "Koeln Porz II"]
[BlackTeam "Muenster"]
[WhiteTeamCountry "GER"]
[BlackTeamCountry "GER"]

1. d4 Nf6 2. c4 e6 3. Nc3 Bb4 4. e3 d5 5. Qa4+ Nc6 6. a3 Bxc3+ 7. bxc3 0-0 8. Nf3 Re8 9. cxd5 exd5 10. Bd3 Bg4 11. Rb1 Rb8 12. Nd2 Qd7 13. 0-0 Bf5 14. Bxf5 Qxf5 15. c4 Qd7 16. Bb2 Ne4 17. Nxe4 Rxe4 18. Rfc1 a6 19. cxd5 Qxd5 20. Qc4 Qd7 21. Qc5 Rc8 22. f3 Ree8 23. e4 Qd6 24. Qc3 Ne7 25. a4 Qd7 26. a5 b5 27. d5 f6 28. Qc5 Qd6 29. Qa7 c5 30. dxc6 Rxc6 31. Rd1 Qc5+ 32. Bd4 Qxa7 33. Bxa7 Rc7 34. Bb6 Rb7 35. Rbc1 Kf7 36. Kf2 Rc8 37. Ke3 Ke6 38. f4 g6 39. g4 f5 40. gxf5+ gxf5 41. Rxc8 Nxc8 42. e5 Rd7 43. Rc1 Ne7 44. Ke2 b4 45. Be3 Rd5 46. Rc4 Rb5 47. Bc1 b3 48. Bb2 Rxa5 49. Kd3 Rb5 50. Rc7 Rb8 51. Kc4 Rc8 52. Rxc8 Nxc8 53. Kxb3 Kd5 54. Kb4 Ne7 55. Ka5 Ng6 56. Bc1 Nh4 57. Kxa6 Nf3 58. h3 Ng1 59. Kb7 h5 60. Kc7 Ne2 61. Kd7 Nd4 62. h4 Ne6 63. Ke7 1-0

[Event "Oberliga NRW 0102 II"]
[Site "Germany"]
[Date "2001.10.21"]
[Round "2.2"]
[White "Gawehns, Klaus"]
[Black "Konings, Leon"]
[Result "1-0"]
[WhiteElo "2375"]
[BlackElo "2293"]
[PlyCount "127"]
[EventDate "2001.10.??"]
[EventType "team"]
[EventRounds "9"]
[EventCountry "GER"]
[SourceTitle "EXT 2004"]
[Source "ChessBase"]
[SourceDate "2003.11.25"]
[SourceVersion "1"]
[SourceVersionDate "2003.11.25"]
[SourceQuality "1"]
[WhiteTeam "Godesberg II"]
[BlackTeam "Koeln Porz III"]
[WhiteTeamCountry "GER"]
[BlackTeamCountry "GER"]

1. b3 Nf6 2. Bb2 g6 3. Bxf6 exf6 4. c4 d5 5. cxd5 Qxd5 6. Nc3 Qa5 7. a3 c6 8. g3 Be7 9. Bg2 0-0 10. e3 Rd8 11. Nge2 Bf5 12. 0-0 Bd3 13. Re1 Bxa3 14. Nc1 Qc5 15. Nxd3 Rxd3 16. Ne4 Qe7 17. Qc2 Rd8 18. Nxf6+ Qxf6 19. Rxa3 Nd7 20. d4 a6 21. Ra4 Nf8 22. Qc5 Rab8 23. Qb6 Ne6 24. Ra5 Ng5 25. Re5 Ne6 26. Bh3 Ng5 27. Bg2 Ne6 28. Ra5 Qe7 29. d5 cxd5 30. Rxd5 Re8 31. Red1 Nf8 32. h4 Qa3 33. Bh3 h5 34. Rd6 Qb2 35. Bf1 Re7 36. Bc4 Kg7 37. R1d4 Rc8 38. Rf4 Rce8 39. Rdd4 f5 40. Rd6 Qa1+ 41. Kg2 Qb2 42. Rfd4 Kh6 43. Rd8 Qc2 44. Rxe8 Rxe8 45. Qxb7 a5 46. Qf7 Rb8 47. Qf6 Nh7 48. Qe5 Rb7 49. Qxa5 Nf6 50. Qd2 Qb1 51. e4+ Kg7 52. e5 Ng4 53. Rd7+ Rxd7 54. Qxd7+ Kh6 55. Qd4 Qe1 56. e6 Kh7 57. Bd5 Qe2 58. Qa7+ Kh6 59. Bf3 Qb5 60. Bxg4 hxg4 61. Qe3+ Kg7 62. Qd4+ Kf8 63. Qd8+ Kg7 64. Qd7+ 1-0

[Event "Lost Boys op"]
[Site "Amsterdam"]
[Date "2001.08.18"]
[Round "8"]
[White "Konings, Leon"]
[Black "Roebers, Jan"]
[Result "1-0"]
[WhiteElo "2293"]
[BlackElo "2303"]
[PlyCount "105"]
[EventDate "2001.08.10"]
[EventType "swiss"]
[EventRounds "9"]
[EventCountry "NED"]
[SourceTitle "CBM 083 Extra"]
[Source "ChessBase"]
[SourceDate "2001.09.11"]
[SourceVersion "1"]
[SourceVersionDate "2001.09.11"]
[SourceQuality "1"]

1. d4 Nf6 2. c4 g6 3. Nc3 Bg7 4. e4 d6 5. Be2 0-0 6. Nf3 e5 7. Be3 Ng4 8. Bg5 f6 9. Bh4 Nc6 10. d5 Ne7 11. h3 Nh6 12. Nd2 c5 13. f3 g5 14. Bf2 f5 15. g4 fxg4 16. hxg4 Ng6 17. Nf1 Qf6 18. Rh2 Nh4 19. Bxh4 gxh4 20. Kd2 Nf7 21. Kc2 Ng5 22. Nd2 h3 23. Qg1 Qf4 24. Rf1 h5 25. gxh5 Bh6 26. Bd1 Kh8 27. Ne2 Qh4 28. Qg3 Qxg3 29. Nxg3 Nh7 30. Nf5 Bf4 31. Rhh1 h2 32. Nxd6 Bh3 33. Rf2 b6 34. Rhxh2 Bxh2 35. Rxh2 Bd7 36. Nb5 a6 37. Nc3 Rae8 38. Ne2 Rg8 39. f4 Bg4 40. fxe5 Bxe2 41. Rxe2 Rxe5 42. Nf3 Rxh5 43. e5 Kg7 44. e6 Nf6 45. Ne5 Rh4 46. d6 Kf8 47. Rf2 Kg7 48. d7 Rd4 49. e7 Nxd7 50. Rg2+ Kf6 51. Rxg8 Kxe7 52. Rg7+ Kf6 53. Rxd7 1-0

[Event "Lost Boys op"]
[Site "Amsterdam"]
[Date "2001.08.13"]
[Round "4"]
[White "Gurevich, Mikhail"]
[Black "Konings, Leon"]
[Result "1-0"]
[WhiteElo "2633"]
[BlackElo "2293"]
[PlyCount "109"]
[EventDate "2001.08.10"]
[EventType "swiss"]
[EventRounds "9"]
[EventCountry "NED"]
[SourceTitle "CBM 083 Extra"]
[Source "ChessBase"]
[SourceDate "2001.09.11"]
[SourceVersion "1"]
[SourceVersionDate "2001.09.11"]
[SourceQuality "1"]

1. d4 d5 2. c4 e6 3. Nf3 c5 4. cxd5 exd5 5. Nc3 Nc6 6. g3 Nf6 7. Bg2 Be7 8. 0-0 0-0 9. Bg5 cxd4 10. Nxd4 Re8 11. Qa4 Bd7 12. Rad1 h6 13. Bf4 Bc5 14. Nxc6 Bxc6 15. Qc2 Qe7 16. Bxd5 Nxd5 17. Nxd5 Bxd5 18. Rxd5 Rac8 19. Qf5 Bb6 20. e3 Qe6 21. Rfd1 Qxf5 22. Rxf5 Rc2 23. Rd7 f6 24. Rfd5 g5 25. Bd6 Rxb2 26. Be7 Rb1+ 27. Kg2 Kf7 28. Bd8+ Kg6 29. Rxb7 Ra1 30. Bxb6 axb6 31. Ra7 g4 32. h3 h5 33. hxg4 hxg4 34. Ra4 Kf7 35. Rd6 b5 36. Raa6 Kg7 37. Rxf6 Rxa2 38. Rg6+ Kh7 39. Rh6+ Kg7 40. Rag6+ Kf7 41. Rf6+ Ke7 42. Rb6 Kd7 43. Rb7+ Kc8 44. Rf7 Rc2 45. Rg6 Rc4 46. Rg5 b4 47. Ra5 Kb8 48. Rb5+ Ka8 49. Kf1 Rd8 50. Rf4 Rxf4 51. gxf4 Rd1+ 52. Kg2 Rb1 53. f5 Ka7 54. f6 Ka6 55. Rb8 1-0

[Event "Lost Boys op"]
[Site "Amsterdam"]
[Date "2001.08.10"]
[Round "1"]
[White "Konings, Leon"]
[Black "Jonkman, Harmen"]
[Result "1-0"]
[WhiteElo "2293"]
[BlackElo "2468"]
[PlyCount "81"]
[EventDate "2001.08.10"]
[EventType "swiss"]
[EventRounds "9"]
[EventCountry "NED"]
[SourceTitle "CBM 083 Extra"]
[Source "ChessBase"]
[SourceDate "2001.09.11"]
[SourceVersion "1"]
[SourceVersionDate "2001.09.11"]
[SourceQuality "1"]

1. d4 d5 2. c4 dxc4 3. Nf3 e6 4. e3 Nf6 5. Bxc4 c5 6. 0-0 a6 7. Qe2 b5 8. Bd3 cxd4 9. a4 bxa4 10. e4 Nc6 11. e5 Nd5 12. Rxa4 Ncb4 13. Rd1 Bd7 14. Ra1 Nxd3 15. Qxd3 Nb4 16. Qb3 d3 17. Ne1 a5 18. Nc3 Qc7 19. Nxd3 a4 20. Nxb4 axb3 21. Rxa8+ Bc8 22. Nb5 Qb7 23. Na6 f6 24. Rb8 Qc6 25. Nac7+ Kf7 26. Rxc8 Qc2 27. Rf1 fxe5 28. Rd8 Rg8 29. Nc3 Bb4 30. Rd2 Qf5 31. N7b5 Ke7 32. Rfd1 Rb8 33. Rd7+ Kf8 34. Be3 e4 35. Nd4 Qg6 36. Nc6 Bxc3 37. Bc5+ Ke8 38. Re7+ Kf8 39. Rb7+ Ke8 40. Rxb8+ Kf7 41. Rf8# 1-0

[Event "BL2-West 0001"]
[Site "Germany"]
[Date "2001.04.01"]
[Round "8.8"]
[White "Konings, Leon"]
[Black "Villwock, Martin"]
[Result "1-0"]
[WhiteElo "2255"]
[BlackElo "2122"]
[PlyCount "79"]
[EventDate "2000.10.15"]
[EventType "team-tourn"]
[EventRounds "9"]
[EventCountry "GER"]
[SourceTitle "CBM 082 Extra"]
[Source "ChessBase"]
[SourceDate "2001.07.03"]
[SourceVersion "1"]
[SourceVersionDate "2001.07.03"]
[SourceQuality "1"]
[WhiteTeam "Koeln Porz II"]
[BlackTeam "Katernberg"]
[WhiteTeamCountry "GER"]
[BlackTeamCountry "GER"]

1. d4 d5 2. c4 Nc6 3. cxd5 Qxd5 4. e3 e5 5. Nc3 Bb4 6. Bd2 Bxc3 7. bxc3 Qd6 8. Bd3 Nf6 9. Ne2 0-0 10. 0-0 e4 11. Bc2 Na5 12. Ng3 Re8 13. f3 exf3 14. gxf3 Bh3 15. Rf2 Nc4 16. e4 Qc6 17. Bg5 h6 18. Bxf6 Qxf6 19. e5 Qf4 20. Qd3 Ne3 21. Qh7+ Kf8 22. Qxg7+ Ke7 23. Bh7 Rh8 24. Re1 Raf8 25. Be4 Kd7 26. Qf6 Qxf6 27. exf6 Nc4 28. Bxb7 Re8 29. Rfe2 Rxe2 30. Rxe2 Rb8 31. Bd5 Nd6 32. Re7+ Kd8 33. Bb3 a5 34. Kf2 a4 35. Bxa4 Rb2+ 36. Re2 Rb1 37. Re1 Rb2+ 38. Re2 Rb1 39. Bb3 Kd7 40. c4 1-0

[Event "NED-chT 9900"]
[Site "Netherlands"]
[Date "2000.04.30"]
[Round "8"]
[White "Konings, Leon"]
[Black "Peelen, Piet"]
[Result "1-0"]
[WhiteElo "2255"]
[BlackElo "2374"]
[PlyCount "73"]
[EventDate "2000.02.05"]
[EventType "team-tourn"]
[EventRounds "9"]
[EventCountry "NED"]
[SourceTitle "CBM 076 Extra"]
[Source "ChessBase"]
[SourceDate "2000.07.11"]
[SourceVersion "1"]
[SourceVersionDate "2000.07.11"]
[SourceQuality "1"]
[WhiteTeam "Leiden LSG"]
[BlackTeam "Amstelveen"]
[WhiteTeamCountry "NED"]
[BlackTeamCountry "NED"]

1. d4 Nf6 2. c4 g6 3. Nc3 d5 4. cxd5 Nxd5 5. Nf3 Bg7 6. Qb3 Nb6 7. e4 0-0 8. Be2 Bg4 9. d5 c6 10. Be3 cxd5 11. exd5 N8d7 12. h3 Bxf3 13. Bxf3 Rc8 14. Rd1 Nc4 15. Bd4 Qa5 16. Bxg7 Kxg7 17. 0-0 Nxb2 18. Qxb2 Qxc3 19. Qxb7 Rc7 20. Qa6 Ne5 21. Be2 Rb8 22. d6 exd6 23. Rxd6 Rb2 24. a4 Qc2 25. Bb5 Rb1 26. Rd5 Nc6 27. Rd6 Ne5 28. Rd8 Rxf1+ 29. Bxf1 Qc5 30. Qe2 Re7 31. Qb2 Re6 32. Qb8 Rf6 33. Rg8+ Kh6 34. Qb2 Rb6 35. Qd2+ Kh5 36. Be2+ Kh4 37. Qh6# 1-0